00634nam a2200157 a 450000100100000000500170001000800410002704000250006824500500009326000610014330000210020450500230022571001050024895201060035399900170045900004440320201002045341.0140627s20uu dr 000 0 spa d aDO-SdBNPbspacBNPHU00aLibro de ítemes :bpruebas diferenciadas /. aSanto Domingo :bPlan Decenal de Educación,c[200-? ]. a177 p. ;c22 cm.0 gv. 2tBachillerato2 aSecretaría de Estado de Educación Comisión Nacional de Pruebas (República Dominicana)972414 00107-18PDaPDbPDcOId2014-06-27iLF1l0o p44403-10r2020-06-25w2020-06-25yLFPDZNo se presta c43892d43892